[Event "Saratov Region-ch"]
[Site "Saratov"]
[Date "2016.12.20"]
[Round "6"]
[White "Tolkanitsa, Vladimir"]
[Black "Krivonosov, Nikita"]
[Result "1/2-1/2"]
[WhiteElo "1668"]
[BlackElo "1340"]
[PlyCount "61"]
[EventDate "2016.12.15"]
[EventType "swiss"]
[EventRounds "9"]
[EventCountry "RUS"]
[SourceTitle "EXT 2018"]
[Source "ChessBase"]
[SourceDate "2017.10.13"]
[SourceVersion "1"]
[SourceVersionDate "2017.10.13"]
[SourceQuality "1"]

1. e4 d6 2. c4 g6 3. Nc3 Bg7 4. g3 e5 5. Bg2 Ne7 6. d3 Nbc6 7. Nge2 0-0 8. 0-0 f5 9. f4 fxe4 10. dxe4 Bg4 11. h3 Be6 12. Nd5 Bxd5 13. exd5 Nd4 14. Nxd4 exd4 15. g4 Rb8 16. Qd3 Qd7 17. a4 c5 18. Bd2 b6 19. b3 a6 20. Rf2 b5 21. axb5 axb5 22. Re2 bxc4 23. bxc4 Bh6 24. Rf1 Rbd8 25. Be4 Rf7 26. Ref2 Rdf8 27. Kg2 Qc8 28. Rf3 Qd7 29. R3f2 Qc8 30. Rf3 Qd7 31. R3f2 1/2-1/2

[Event "Saratov Winter Cup"]
[Site "Saratov"]
[Date "2013.01.22"]
[Round "9"]
[White "Tolkanitsa, Vladimir"]
[Black "Gitelson, Arkady"]
[Result "0-1"]
[WhiteElo "1795"]
[BlackElo "1825"]
[PlyCount "66"]
[EventDate "2013.01.12"]
[EventType "swiss"]
[EventRounds "9"]
[EventCountry "RUS"]
[SourceTitle "CBM 152 Extra"]
[Source "ChessBase"]
[SourceDate "2013.02.25"]
[SourceVersion "1"]
[SourceVersionDate "2013.02.25"]
[SourceQuality "1"]

1. e4 e6 2. Qe2 c5 3. f4 Nc6 4. Nf3 d6 5. g3 Nf6 6. Bg2 Be7 7. d3 0-0 8. 0-0 Bd7 9. Nc3 Rb8 10. Kh1 b5 11. Be3 d5 12. Bg1 Qc7 13. Ng5 h6 14. Nh3 b4 15. Nd1 dxe4 16. dxe4 e5 17. f5 Nd4 18. Qd2 Bb5 19. Bxd4 Bxf1 20. Be3 Rbd8 21. Qf2 Bxg2+ 22. Qxg2 Ng4 23. Qe2 Nxe3 24. Nxe3 Rd4 25. Nd5 Qb7 26. Nf2 Rd8 27. f6 gxf6 28. Ng4 R8xd5 29. Nxh6+ Kh7 30. Nf5 Rd1+ 31. Rxd1 Rxd1+ 32. Kg2 Rd2 33. Qxd2 Qxe4+ 0-1

[Event "Saratov op"]
[Site "Saratov"]
[Date "2010.06.09"]
[Round "9"]
[White "Sobolev, Maksimilian"]
[Black "Tolkanitsa, Vladimir"]
[Result "1-0"]
[WhiteElo "1812"]
[BlackElo "1814"]
[PlyCount "43"]
[EventDate "2010.06.01"]
[EventType "swiss"]
[EventRounds "9"]
[EventCountry "RUS"]
[SourceTitle "CBM 137 Extra"]
[Source "ChessBase"]
[SourceDate "2010.09.01"]
[SourceVersion "1"]
[SourceVersionDate "2010.09.01"]
[SourceQuality "1"]

1. e4 d6 2. d4 Nf6 3. Nc3 g6 4. Bg5 c6 5. Bd3 Bg7 6. Qe2 e5 7. dxe5 dxe5 8. 0-0-0 Qa5 9. h4 Be6 10. Bxf6 Bxf6 11. h5 g5 12. Bc4 Bxc4 13. Qxc4 Qc7 14. Nb5 Qe7 15. Nd6+ Kf8 16. Nf5 Qc7 17. Qc5+ Kg8 18. Qd6 Qxd6 19. Rxd6 Bg7 20. h6 Bf8 21. Rd8 a5 22. Ne7# 1-0

[Event "Saratov op"]
[Site "Saratov"]
[Date "2010.06.08"]
[Round "8"]
[White "Chekmareva, Liya"]
[Black "Tolkanitsa, Vladimir"]
[Result "1-0"]
[WhiteElo "1729"]
[BlackElo "1814"]
[PlyCount "79"]
[EventDate "2010.06.01"]
[EventType "swiss"]
[EventRounds "9"]
[EventCountry "RUS"]
[SourceTitle "CBM 137 Extra"]
[Source "ChessBase"]
[SourceDate "2010.09.01"]
[SourceVersion "1"]
[SourceVersionDate "2010.09.01"]
[SourceQuality "1"]

1. e4 d6 2. d4 Nf6 3. Nc3 g6 4. Nf3 Bg7 5. Bc4 0-0 6. 0-0 Nxe4 7. Nxe4 d5 8. Bd3 dxe4 9. Bxe4 Nd7 10. c3 c6 11. h3 Nf6 12. Bc2 Be6 13. Re1 Qc7 14. Bd2 c5 15. dxc5 Qxc5 16. Re5 Nd5 17. Re1 Rfd8 18. Qe2 h6 19. Bxg6 Nf6 20. Bd3 Rd7 21. Nd4 Bd5 22. Nf5 Kf8 23. Bxh6 Bxh6 24. Nxh6 Rad8 25. Bb5 Rc7 26. Rad1 Rd6 27. Nf5 Re6 28. Ne3 a6 29. Bd3 b5 30. Bf5 Re5 31. Rd4 e6 32. Bg4 a5 33. Rf4 Kg7 34. Bf3 Bc4 35. Qc2 Bxa2 36. Rxf6 Rxe3 37. Rxf7+ Kxf7 38. Rxe3 Bd5 39. Bxd5 Qxd5 40. Qh7+ 1-0

[Event "Saratov Rating"]
[Site "Saratov"]
[Date "2009.04.15"]
[Round "11"]
[White "Vingurt, Grigorij"]
[Black "Tolkanitsa, Vladimir"]
[Result "1-0"]
[WhiteElo "2059"]
[BlackElo "1885"]
[PlyCount "38"]
[EventDate "2009.04.02"]
[EventType "tourn"]
[EventRounds "11"]
[EventCountry "RUS"]
[SourceTitle "EXT 2022"]
[Source "ChessBase"]
[SourceDate "2021.10.06"]
[SourceVersion "1"]
[SourceVersionDate "2021.10.06"]
[SourceQuality "1"]

1. e4 g6 2. d4 d6 3. Nc3 Bg7 4. f4 Nc6 5. d5 Nd4 6. Be3 c5 7. dxc6 Nxc6 8. Nf3 Nf6 9. Bd3 0-0 10. h3 Rb8 11. 0-0 Bd7 12. a3 a6 13. Qe1 e6 14. Qf2 b5 15. Rad1 Qc7 16. Qh4 Bc8 17. f5 b4 18. Ne2 d5 19. e5 Qxe5 1-0

[Event "Saratov Rating"]
[Site "Saratov"]
[Date "2009.04.08"]
[Round "6"]
[White "Shindich, Timur"]
[Black "Tolkanitsa, Vladimir"]
[Result "1-0"]
[WhiteElo "1850"]
[BlackElo "1885"]
[PlyCount "55"]
[EventDate "2009.04.02"]
[EventType "tourn"]
[EventRounds "11"]
[EventCountry "RUS"]
[SourceTitle "EXT 2022"]
[Source "ChessBase"]
[SourceDate "2021.10.06"]
[SourceVersion "1"]
[SourceVersionDate "2021.10.06"]
[SourceQuality "1"]

1. d4 d5 2. c4 e6 3. Nc3 Nf6 4. Bg5 c5 5. Nf3 cxd4 6. Qxd4 Be7 7. cxd5 exd5 8. e3 Nc6 9. Qd2 0-0 10. Bd3 Be6 11. 0-0 Qa5 12. a3 Rfc8 13. b4 Qd8 14. Rac1 h6 15. Bh4 Ng4 16. Bg3 f5 17. Bb1 Nf6 18. Ba2 Qd7 19. Rfd1 Rd8 20. Qd3 Kh8 21. Nh4 Kh7 22. Nf3 Rac8 23. Ne2 g6 24. h4 Bf8 25. Ne5 Nxe5 26. Bxe5 Rxc1 27. Rxc1 Ng4 28. Rc7 1-0

[Event "Saratov Rating"]
[Site "Saratov"]
[Date "2009.04.06"]
[Round "4"]
[White "Zhizduk, Vladimir"]
[Black "Tolkanitsa, Vladimir"]
[Result "1-0"]
[WhiteElo "2060"]
[BlackElo "1885"]
[PlyCount "107"]
[EventDate "2009.04.02"]
[EventType "tourn"]
[EventRounds "11"]
[EventCountry "RUS"]
[SourceTitle "EXT 2022"]
[Source "ChessBase"]
[SourceDate "2021.10.06"]
[SourceVersion "1"]
[SourceVersionDate "2021.10.06"]
[SourceQuality "1"]

1. d4 g6 2. c4 Bg7 3. Nc3 Nf6 4. e4 d6 5. Be2 a6 6. Nf3 0-0 7. Bg5 c5 8. dxc5 Qa5 9. 0-0 Qxc5 10. Qd2 Re8 11. Bh6 Bh8 12. Be3 Qa5 13. b4 Qxb4 14. Rab1 Qa5 15. Bb6 Qh5 16. Nd4 Qh4 17. f3 Nbd7 18. g3 Qh3 19. Na4 Nxb6 20. Nxb6 Rb8 21. Rfc1 Nd7 22. Nd5 Nc5 23. Nc7 Bxd4+ 24. Qxd4 Rd8 25. Nd5 Qe6 26. f4 Qxe4 27. Qxe4 Nxe4 28. Nxe7+ Kf8 29. Nc6 bxc6 30. Rxb8 Ke7 31. Bf3 f5 32. Bxe4 fxe4 33. Kf2 Kd7 34. Ke3 Kc7 35. Rcb1 d5 36. cxd5 Rxd5 37. R8b3 h5 38. Rc1 Bf5 39. Rbc3 Rd3+ 40. Rxd3 exd3 41. h3 Kd6 42. g4 hxg4 43. hxg4 Bxg4 44. Kxd3 Be6 45. a3 c5 46. Re1 a5 47. Rg1 Bf7 48. Rg5 a4 49. Re5 Be6 50. Ke3 Bf7 51. Re4 Bb3 52. Re8 Be6 53. Ra8 c4 54. Rxa4 1-0

[Event "Saratov Rating"]
[Site "Saratov"]
[Date "2009.04.03"]
[Round "2"]
[White "Astapov, Valeriy"]
[Black "Tolkanitsa, Vladimir"]
[Result "1-0"]
[WhiteElo "2023"]
[BlackElo "1885"]
[PlyCount "99"]
[EventDate "2009.04.02"]
[EventType "tourn"]
[EventRounds "11"]
[EventCountry "RUS"]
[SourceTitle "EXT 2022"]
[Source "ChessBase"]
[SourceDate "2021.10.06"]
[SourceVersion "1"]
[SourceVersionDate "2021.10.06"]
[SourceQuality "1"]

1. e4 g6 2. d4 Bg7 3. Nf3 d6 4. Bc4 Nf6 5. Qe2 0-0 6. 0-0 Bg4 7. e5 Ne8 8. Rd1 c6 9. Bf4 d5 10. Bb3 Na6 11. h3 Bxf3 12. Qxf3 Nac7 13. Qe3 b5 14. Bh6 a5 15. c3 f5 16. Nd2 Ne6 17. Bxg7 f4 18. Qf3 N8xg7 19. Bc2 Qe8 20. Qg4 Nf5 21. h4 Qf7 22. Nf3 h6 23. Rf1 Ra7 24. Rae1 Kh8 25. Kh2 a4 26. Qh3 Raa8 27. g4 Nfg7 28. Rg1 Rg8 29. Ng5 Qe8 30. Nxe6 Nxe6 31. g5 Qf7 32. gxh6 g5 33. Bf5 Nf8 34. hxg5 e6 35. g6 Qxf5 36. g7+ Kh7 37. Qxf5+ exf5 38. gxf8Q Raxf8 39. Rxg8 Rxg8 40. Rg1 Re8 41. Kg2 Rg8+ 42. Kf1 Rxg1+ 43. Kxg1 Kxh6 44. Kg2 Kg6 45. Kf3 Kf7 46. Kxf4 Ke6 47. f3 c5 48. dxc5 b4 49. cxb4 d4 50. c6 1-0

[Event "Saratov op"]
[Site "Saratov"]
[Date "2008.12.20"]
[Round "8"]
[White "Tolkanitsa, Vladimir"]
[Black "Tregub, Anatoliy"]
[Result "0-1"]
[WhiteElo "1908"]
[BlackElo "1979"]
[PlyCount "66"]
[EventDate "2008.12.13"]
[EventType "swiss"]
[EventRounds "9"]
[EventCountry "RUS"]
[SourceTitle "EXT 2010"]
[Source "ChessBase"]
[SourceDate "2010.11.25"]
[SourceVersion "1"]
[SourceVersionDate "2010.11.25"]
[SourceQuality "1"]

1. e4 e5 2. d4 exd4 3. Qxd4 Nc6 4. Qe3 d6 5. Nc3 Nf6 6. Bc4 Be7 7. Bd2 0-0 8. h3 Be6 9. Bxe6 fxe6 10. 0-0-0 Qe8 11. Nf3 Nd7 12. Nb5 Rc8 13. Nbd4 Nxd4 14. Nxd4 Bf6 15. Bc3 Bxd4 16. Bxd4 e5 17. Bc3 Qg6 18. g3 Nc5 19. Rde1 Qf7 20. f4 exf4 21. gxf4 Qxf4 22. Qxf4 Rxf4 23. e5 Ne4 24. Bd4 a6 25. Rhg1 g6 26. exd6 cxd6 27. Be3 Rf3 28. Rg4 d5 29. h4 Rh3 30. c3 b5 31. Kb1 b4 32. cxb4 Rc4 33. Ka1 Rxe3 0-1

[Event "Saratov op"]
[Site "Saratov"]
[Date "2008.12.14"]
[Round "2"]
[White "Tolkanitsa, Vladimir"]
[Black "Korchmar, Vasiliy"]
[Result "0-1"]
[WhiteElo "1908"]
[BlackElo "2078"]
[PlyCount "56"]
[EventDate "2008.12.13"]
[EventType "swiss"]
[EventRounds "9"]
[EventCountry "RUS"]
[SourceTitle "EXT 2010"]
[Source "ChessBase"]
[SourceDate "2010.11.25"]
[SourceVersion "1"]
[SourceVersionDate "2010.11.25"]
[SourceQuality "1"]

1. e4 c6 2. d4 d5 3. f3 dxe4 4. fxe4 e5 5. Nf3 exd4 6. Qxd4 Qxd4 7. Nxd4 Bc5 8. c3 Nf6 9. Bd3 0-0 10. Nd2 Nbd7 11. 0-0 Ne5 12. Bc2 Bg4 13. Kh1 Bb6 14. N2f3 Bc7 15. Nxe5 Bxe5 16. Bf4 Rfe8 17. Rae1 Rad8 18. h3 Bh5 19. g4 Bg6 20. Bxe5 Rxe5 21. Nf5 Rd2 22. Bb1 Rxb2 23. Nd6 b5 24. c4 h5 25. cxb5 cxb5 26. Nf5 hxg4 27. hxg4 Nxg4 28. Rf4 Nf2+ 0-1